000 00633nam a2200193Ii 4500
003 JO-AjNU
008 230605s9999||||xx |||||||||||||| ||und||
040 _aJO-AjNU
_bara
_erda
_cJO-AjNU
041 _aara
050 1 4 _aPM7875.2001
100 3 _aشحاته، محمد شحاته,
_eauthor
_934240
245 0 0 _aالمحادثة الحديثة ياستخدام الأفعال : انجليزي/عربي
250 _aط1
264 3 1 _aالاسكندرية: شحاته محمد شحاته، 2001
300 _a495ص
336 _atext
_btxt
_2rdacontent
337 _aunmediated
_bn
_2rdamedia
338 _avolume
_bnc
_2rdacarrier
999 _aA14015
_c17583
_d17583